000 00516nam a2200169Ia 4500
008 240729s9999 xx 000 0 und d
022 _a2286-1580
245 0 _aScientific Papers: Series B. Horticulture
260 _aRomania
260 _bUniversity of Agronomic Sciences and Veterinary Medicine of Bucharest
650 _a Agriculture (General) | Science
650 _a Botany
650 _aAgriculture
856 _uhttps://doaj.org/toc/5cfbf2f9a5f5456cace29dd2c885d851
942 _2ddc
942 _cDOAJEJ
999 _c69369
_d69369
945 _a1
_bMadushi Gamage
_c1
_dMadushi Gamage